|
|
|
|
| LEADER |
00000cam a2200000 7i4500 |
| 001 |
0000008437 |
| 005 |
20220622.0 |
| 020 |
|
|
|a 0333576810
|
| 040 |
|
|
|a INS
|
| 090 |
0 |
0 |
|a HD1390.
|b I733 1994
|
| 100 |
1 |
|
|a Isaac, David
|
| 245 |
1 |
0 |
|a Property finance
|c David Isaac
|
| 260 |
|
|
|a London :
|b Macmillan Education Ltd. ,
|c 1994
|
| 300 |
|
|
|a xv, 267 page ;
|c 23 cm.
|
| 504 |
|
|
|a Includes bibliographical references and index
|
| 650 |
|
0 |
|a Real estate investment
|
| 650 |
|
0 |
|a Real property
|
| 999 |
|
|
|a 0000007969
|b BOOK
|c Open Shelf
|e Default branch
|
| 999 |
|
|
|a 0000008340
|b BOOK
|c Open Shelf
|e Default branch
|
| 999 |
|
|
|a 0000008421
|b BOOK
|c Open Shelf
|e Default branch
|